| 000 | 00830cab a22002175a 4500 | ||
|---|---|---|---|
| 001 | L158887 | ||
| 008 | 150904e2015 xxk 000 0 eng d | ||
| 035 | _a(Sirsi) u158887 | ||
| 041 | 0 | _aeng | |
| 100 | 1 | _aRoots, Guy | |
| 245 | 0 | 0 | _aLand Compensation Act 1961, Section 5: More or less clarity? |
| 260 | _c2015 | ||
| 490 |
_aRating and Valuation Reporter _v55 (9) September 2015, 264-266(3) |
||
| 520 | _aConsiders " J S Bloor (Wilmslow) Ltd v Homes and Communities Agency" [2015] EWCA Civ 540, 22 May 2015 which dealt with claims for compensation brought under Land Compensation Act 1961 s6 and planning assumptions. | ||
| 590 | _aKA | ||
| 650 | 2 | 4 | _aBLOOR V HOMES AND COMMUNITIES AGENCY |
| 650 | 2 | 4 | _aLAND COMPENSATION ACT 1961 S6 |
| 651 | 4 | _aUnited Kingdom | |
| 690 |
_aCompulsory purchase _96228 |
||
| 942 |
_n0 _2ddc |
||
| 999 |
_c84723 _d84723 |
||